[Event "7th Open"]
[Site "Kalamaria GRE"]
[Date "2010.08.30"]
[Round "7"]
[White "Gavrilidis,G"]
[Black "Atalik,E"]
[Result "0-1"]
[WhiteElo "2126"]
[BlackElo "2444"]

1.d4 Nf6 2.c4 g6 3.Nc3 d5 4.cxd5 Nxd5 5.e4 Nxc3 6.bxc3 Bg7 7.Bc4 O-O 8.Ne2 Qd7
9.O-O b6 10.Be3 Bb7 11.f3 Nc6 12.Bb5 a6 13.Ba4 b5 14.Bb3 Na5 15.Bc2 Nc4 16.Bf2 Bh6
17.f4 f5 18.d5 fxe4 19.Bxe4 Rad8 20.Bc5 Rf7 21.Qe1 Bxd5 22.Rd1 e6 23.Rf3 Qc6
24.Bf2 Rfd7 25.Bxd5 Rxd5 26.Nd4 Qd7 27.Ra1 e5 28.fxe5 Rxe5 29.Qd1 c5 30.Bh4 g5
31.Bg3 Rd5  0-1

[Event "1st Campomanes Memorial Cup Open"]
[Site "Manila PHI"]
[Date "2010.08.31"]
[Round "5"]
[White "Olay,E"]
[Black "Lou Yiping"]
[Result "1/2-1/2"]
[WhiteElo "2289"]
[BlackElo "2425"]

1.d4 Nf6 2.c4 g6 3.Nc3 d5 4.cxd5 Nxd5 5.e4 Nxc3 6.bxc3 Bg7 7.Nf3 c5 8.Rb1 O-O
9.Be2 b6 10.O-O Bb7 11.Qd3 e6 12.Bg5 Qc7 13.Qe3 Nd7 14.h3 Rac8 15.Bd3 Rfe8
16.Bh6 cxd4 17.cxd4 e5 18.Bxg7 Kxg7 19.Bb5 Bc6 20.Rfc1 Qd6 21.Bxc6 Rxc6 22.Rxc6 Qxc6
23.Rc1 Qd6 24.d5 Nc5 25.Nd2 Qd7 26.f3 Qa4 27.a3 Re7 28.Kh2 f6 29.h4 h5 30.g4 hxg4
31.fxg4 Re8 32.Kg3 Rh8 33.Rc4 Qd1 34.Nf3 Qf1 35.Rc2 Qb1 36.Rc4 Qa2 37.Rxc5 bxc5
38.Qxc5 Rf8 39.g5 fxg5 40.Qe7+ Rf7 41.Qxe5+ Kg8 42.Qe8+ Kg7 43.Qe5+  1/2-1/2

[Event "1st Campomanes Memorial Cup Open"]
[Site "Manila PHI"]
[Date "2010.08.31"]
[Round "5"]
[White "Kotanjian,T"]
[Black "Li Chao2"]
[Result "0-1"]
[WhiteElo "2551"]
[BlackElo "2629"]

1.d4 Nf6 2.c4 g6 3.Nc3 d5 4.cxd5 Nxd5 5.e4 Nxc3 6.bxc3 Bg7 7.Be3 c5 8.Nf3 O-O
9.Rc1 cxd4 10.cxd4 Bg4 11.Be2 e6 12.h3 Bxf3 13.Bxf3 Nc6 14.e5 Qa5+ 15.Qd2 Qb5
16.Rc5 Qb1+ 17.Qc1 Qb4+ 18.Qc3 Qb1+ 19.Bc1 Nb4 20.O-O Nxa2 21.Qb2 Qxb2 22.Bxb2 b6
23.Rc4 b5 24.Rc7 Rfc8 25.Rb7 Rab8 26.Rxa7 Nc3 27.Rc1 b4 28.Bxc3 bxc3 29.Be4 Rb4
30.Bb7 Rb8 31.Be4 Rxd4  0-1

[Event "ch-RUS Higher League"]
[Site "Irkutsk RUS"]
[Date "2010.09.04"]
[Round "9"]
[White "Potkin,V"]
[Black "Kurnosov,I"]
[Result "1/2-1/2"]
[WhiteElo "2626"]
[BlackElo "2662"]

1.d4 Nf6 2.c4 g6 3.Nc3 d5 4.cxd5 Nxd5 5.e4 Nxc3 6.bxc3 Bg7 7.Nf3 c5 8.Be3 Qa5
9.Qd2 O-O 10.Rc1 Rd8 11.d5 Nc6 12.Be2 e6 13.O-O exd5 14.exd5 Bg4 15.c4 Qxd2
16.Bxd2 Bxf3 17.Bxf3 Nd4 18.Be3 Be5 19.Rb1 Rab8  1/2-1/2

[Event "ch-RUS Higher League"]
[Site "Irkutsk RUS"]
[Date "2010.09.05"]
[Round "10"]
[White "Shimanov,A"]
[Black "Rakhmanov,Ale"]
[Result "1-0"]
[WhiteElo "2519"]
[BlackElo "2590"]

1.d4 Nf6 2.c4 g6 3.Nc3 d5 4.cxd5 Nxd5 5.e4 Nxc3 6.bxc3 Bg7 7.Nf3 O-O 8.Be2 c5
9.Be3 Qa5 10.O-O Nd7 11.Qb3 e6 12.a4 Qc7 13.a5 Rb8 14.Nd2 b6 15.axb6 axb6
16.Bb5 Nf6 17.f3 Bd7 18.Be2 Rfc8 19.Rfb1 cxd4 20.cxd4 b5 21.Qb2 Ne8 22.Nb3 Qc3
23.Bf4 Qxb2 24.Rxb2 Ra8 25.Rxa8 Rxa8 26.Kf2 Ra4 27.Rd2 Rb4 28.Nc5 Bc6 29.Ke3 Nf6
30.Bd6 Ne8 31.Bf4 Nf6 32.Bd6 Ne8 33.Be7 Nc7 34.g4 f5 35.Bd6 Ne8 36.Bf4 fxe4
37.fxe4 g5 38.Bxg5 Nd6 39.Be7 Nc8 40.Bd8 Nd6 41.g5 Bxe4 42.Nxe6 Bb1 43.Nxg7 Kxg7
44.Bf6+ Kf7 45.Rd1 h6 46.Be5 Rb3+ 47.Kf4 hxg5+ 48.Kxg5 Ne4+ 49.Kf4 Nc3 50.Bh5+ Ke7
51.Re1 Rb2 52.d5 Nxd5+ 53.Kg5 Rb3 54.Bg3+ Kd7 55.Be8+ Kd8 56.Bf7 Rxg3+ 57.hxg3 Nc3
58.g4 b4 59.Bb3 Kc7 60.Kh6  1-0

[Event "7th LGA Premium Cup"]
[Site "Nuremberg GER"]
[Date "2010.09.05"]
[Round "6"]
[White "Stein,Marco"]
[Black "Liepold,S"]
[Result "1/2-1/2"]
[WhiteElo "2156"]
[BlackElo "2240"]

1.d4 Nf6 2.c4 g6 3.Nc3 d5 4.cxd5 Nxd5 5.e4 Nxc3 6.bxc3 Bg7 7.Bc4 c5 8.Ne2 Nc6
9.Be3 O-O 10.O-O cxd4 11.cxd4 Na5 12.Bd3 b6 13.Rc1 e6 14.Qd2 Bb7 15.Bh6 Qe7
16.Bxg7 Kxg7 17.Qf4 Rac8 18.h4 h5 19.Qg3 Rxc1 20.Rxc1 Rc8 21.Rxc8 Bxc8 22.Nf4 Qd8
23.e5 Qxd4 24.Nxg6 fxg6 25.Qxg6+ Kf8 26.Qf6+ Kg8 27.Qg6+ Kf8 28.Qf6+ Kg8
29.Qg6+  1/2-1/2

[Event "7th LGA Premium Cup"]
[Site "Nuremberg GER"]
[Date "2010.09.05"]
[Round "6"]
[White "Hoffmann,Micha1"]
[Black "Ftacnik,L"]
[Result "1/2-1/2"]
[WhiteElo "2510"]
[BlackElo "2568"]

1.d4 Nf6 2.c4 g6 3.Nc3 d5 4.cxd5 Nxd5 5.e4 Nxc3 6.bxc3 Bg7 7.Nf3 c5 8.Bb5+ Nc6
9.O-O cxd4 10.cxd4 O-O 11.Be3 Bg4 12.Bxc6 bxc6 13.Rc1 Qa5 14.Qd2 Qxd2 15.Nxd2 Rfd8
16.Nb3 a5 17.Rxc6 a4 18.Nc5 Bxd4 19.Bxd4 Rxd4 20.f3 Rc8 21.Rxc8+ Bxc8 22.Rc1  1/2-1/2

[Event "ch-POR"]
[Site "Amadora POR"]
[Date "2010.09.06"]
[Round "3"]
[White "Dias,P"]
[Black "Pereira,Rub"]
[Result "1-0"]
[WhiteElo "2394"]
[BlackElo "2423"]

1.d4 Nf6 2.c4 g6 3.Nc3 d5 4.cxd5 Nxd5 5.e4 Nxc3 6.bxc3 Bg7 7.Bc4 c5 8.Ne2 O-O
9.O-O Nc6 10.Be3 Qc7 11.Rc1 Rd8 12.Bf4 Be5 13.Bxe5 Nxe5 14.Bb3 Ng4 15.Ng3 Qf4
16.Qf3 Qxf3 17.gxf3 Nf6 18.Rfd1 Bh3 19.f4 Bg4 20.Rd3 Rac8 21.f3 Bh3 22.Bc2 cxd4
23.Rxd4 Rxd4 24.cxd4 Bd7 25.Ne2 Nh5 26.Kf2 e6 27.Ke3 Kf8 28.Bb3 Rxc1 29.Nxc1 Ke7
30.Ne2 a5 31.a4 b5 32.axb5 Bxb5 33.Nc3 Bd7 34.d5 exd5 35.Nxd5+ Kd6 36.Nb6 Be6
37.Nc4+ Bxc4 38.Bxc4 Ke7 39.Bb3 h6 40.f5 gxf5 41.exf5 Ng7 42.Bc2 Kf6 43.Kf4 Ne8
44.Kg4 Nd6 45.h3 Nc4 46.Kf4 Nd6 47.Kg4 Ke5 48.Bb3 f6 49.Bc2 Nb5 50.f4+ Kd4
51.Kh5 Kc3 52.Bd1 Nd4 53.Kg6 Nb3 54.Bxb3 Kxb3 55.Kxf6 a4 56.Kg6 a3 57.f6 a2
58.f7 a1=Q 59.f8=Q Qa6+ 60.Kh5 Qf1 61.h4 Qf3+ 62.Kxh6 Qc6+ 63.Kh7 Qd7+ 64.Kh6 Qc6+
65.Kg5 Qg2+ 66.Kf6 Qc6+ 67.Ke5 Qb5+ 68.Ke4 Qc4+ 69.Kf5 Qd5+ 70.Kf6 Qc6+ 71.Kg7 Qg2+
72.Kh8 Qh3 73.Qf6 Qc8+ 74.Kg7 Qg4+ 75.Kh6 Qd7 76.f5 Kc2 77.h5 Qe8 78.Qe6 Qf8+
79.Kg6 Qc5 80.f6 Qg1+ 81.Kh7 Qg5 82.Qe4+ Kd1 83.Qg6  1-0

[Event "11th WUCC Women"]
[Site "Zuerich SUI"]
[Date "2010.09.06"]
[Round "3"]
[White "Munguntuul,B"]
[Black "Hegarty,S"]
[Result "1-0"]
[WhiteElo "2412"]
[BlackElo "2084"]

1.c4 Nf6 2.Nc3 d5 3.cxd5 Nxd5 4.d4 g6 5.e4 Nxc3 6.bxc3 Bg7 7.Nf3 c5 8.Be3 Qa5
9.Qd2 Nc6 10.Rc1 cxd4 11.cxd4 Qxd2+ 12.Kxd2 O-O 13.d5 Rd8 14.Ke1 Ne5 15.Nxe5 Bxe5
16.f4 Bg7 17.Rc7 Rd7 18.Rxd7 Bxd7 19.Bd3 Bc3+ 20.Ke2 b5 21.Rb1 a6 22.Bc5 Kf8
23.Rb3 Ba5 24.Ra3 Bc7 25.e5 a5 26.Rc3 Rc8 27.Bd4 b4 28.Rc2 Bd8 29.Rxc8 Bxc8
30.Bc5 Bd7 31.Ke3 Ke8 32.Kd4 Ba4 33.g4 Kd7 34.f5 g5 35.Bc4 Ke8 36.h3 Bd7
37.d6 exd6 38.Bxd6 Bc6 39.Kc5 Bd7 40.e6 fxe6 41.fxe6 Ba4 42.Bb5+ Bxb5 43.Kxb5 h6
44.e7  1-0

[Event "7th Malaysia Open"]
[Site "Kuala Lumpur MAS"]
[Date "2010.09.07"]
[Round "9"]
[White "Guo Qi"]
[Black "Gao Rui"]
[Result "0-1"]
[WhiteElo "2167"]
[BlackElo "2450"]

1.d4 Nf6 2.c4 g6 3.Nc3 d5 4.cxd5 Nxd5 5.e4 Nxc3 6.bxc3 Bg7 7.Nf3 c5 8.Rb1 O-O
9.Be2 cxd4 10.cxd4 Qa5+ 11.Bd2 Qxa2 12.O-O Bg4 13.Bg5 h6 14.Be3 Nc6 15.d5 Na5
16.Bc5 Bf6 17.e5 Bxe5 18.Rb4 Bxf3 19.Bxf3 Rfc8 20.Bxe7 Rc4 21.Rxc4 Nxc4 22.d6 Qa3
23.Bxb7 Rb8 24.Bd5 Bxd6 25.Bxc4 Bxe7 26.Qd5 Rf8 27.Rd1 Kg7 28.g3 Qc5 29.Qxc5 Bxc5
30.Rd7 Kf6 31.Kg2 a5 32.Rc7 Be7 33.f4 Rd8 34.Kf3 a4 35.g4 Rd4 36.g5+ hxg5
37.fxg5+ Kxg5 38.Rxe7 Rxc4 39.Rxf7 Rc3+ 40.Kg2 Kg4 41.Ra7 Rc2+ 42.Kg1 Ra2
43.Ra6 g5 44.Ra8 a3 45.Ra7 Kf3 46.Rf7+ Ke4 47.Rg7 Rb2  0-1

[Event "11th WUCC Women"]
[Site "Zuerich SUI"]
[Date "2010.09.08"]
[Round "6"]
[White "Cheremnova,T"]
[Black "Ferreira,Ana"]
[Result "1-0"]
[WhiteElo "2225"]
[BlackElo "1816"]

1.d4 Nf6 2.c4 g6 3.Nc3 d5 4.cxd5 Nxd5 5.e4 Nxc3 6.bxc3 Bg7 7.Nf3 c5 8.Rb1 Nc6
9.d5 Bxc3+ 10.Bd2 Bxd2+ 11.Qxd2 Nb8 12.Qc3 O-O 13.Qxc5 Nd7 14.Qb4 Qb6 15.Bc4 Qxb4+
16.Rxb4 Nb6 17.Bb3 Rd8 18.a4 Nd7 19.Ke2 Nc5 20.a5 Bg4 21.Ke3 Bxf3 22.gxf3 Rac8
23.Ba2 Kg7 24.f4 f6 25.Rc1 Rc7 26.e5 f5 27.Rb5 Rdc8 28.d6 exd6 29.exd6 Rc6
30.Rbxc5 Re8+ 31.Kf3 Rxd6 32.Rc7+ Kh6 33.Rxb7 Rd3+ 34.Kg2 Rd2 35.Rcc7 Kh5
36.Rxh7+ Kg4 37.Bc4 Re4 38.h3+ Kxf4 39.Rh4+ Kg5 40.Rxe4 fxe4 41.Rxa7 e3 42.Kf3  1-0

[Event "5th XtraCon Open"]
[Site "Borup DEN"]
[Date "2010.09.09"]
[Round "5"]
[White "Molvig,H"]
[Black "Schandorff,L"]
[Result "0-1"]
[WhiteElo "2174"]
[BlackElo "2492"]

1.d4 Nf6 2.c4 g6 3.Nc3 d5 4.cxd5 Nxd5 5.e4 Nxc3 6.bxc3 Bg7 7.Bc4 c5 8.Ne2 Nc6
9.Be3 O-O 10.O-O Na5 11.Bd3 b6 12.Rc1 e5 13.dxc5 Be6 14.c4 bxc5 15.Bxc5 Bh6
16.Bxf8 Bxc1 17.Bb4 Bh6 18.c5 Nc6 19.Bc3 Qe7 20.Bb5 Qxc5 21.Qa4 Rc8 22.Rd1 Bf8
23.h3 Nb8 24.a3 a6 25.Bd3 Rd8 26.Bb2 Qb6 27.Bc3 Bb3 28.Rb1 Qxf2+ 29.Kxf2 Bxa4
30.Bc4 Nd7 31.Bd5 Bxa3 32.Rb7 Bd6 33.Ba5 Rb8 34.Nc3 Rxb7 35.Bxb7 Nc5 36.Bc8 Bc6
37.Ke3 Nb7  0-1

[Event "5th XtraCon Open"]
[Site "Borup DEN"]
[Date "2010.09.11"]
[Round "8"]
[White "Pedersen,HeD"]
[Black "Andersen,N"]
[Result "0-1"]
[WhiteElo "2235"]
[BlackElo "1955"]

1.d4 Nf6 2.c4 g6 3.Nc3 d5 4.cxd5 Nxd5 5.e4 Nxc3 6.bxc3 Bg7 7.Bc4 O-O 8.Ne2 c5
9.O-O Nc6 10.Be3 Na5 11.Bd3 cxd4 12.cxd4 b6 13.Qd2 Bb7 14.Bh6 Rc8 15.Bxg7 Kxg7
16.Rfc1 Qd7 17.d5 Rxc1+ 18.Rxc1 Rc8 19.Qb2+ Kg8 20.Rxc8+ Bxc8 21.Nf4 Qg4
22.Qd2 Nb7 23.e5 Nc5 24.Bc2 Qg5 25.Qe3 Bd7 26.g3 Bf5 27.h4 Qg4 28.d6 Bxc2
29.dxe7 Qd1+ 30.Kh2 Ba4 31.e6 Bc6 32.e8=R+ Bxe8 33.e7 Qd6 34.Qc3 Ne4 35.Qe3 Nf6
36.Qe2 Bd7 37.h5 g5 38.Nd3 Bb5 39.Qb2 Bxd3 40.Qxf6 Qxf6 41.e8=Q+ Kg7 42.Qe3 Bc4
43.a3 Be6 44.a4 Qf5 45.Kg1 Bd5 46.a5 Qb1+  0-1

[Event "ch-ESP"]
[Site "El Sauzal ESP"]
[Date "2010.09.11"]
[Round "8"]
[White "Capote Robayna,N"]
[Black "Rodriguez Lapetra,P"]
[Result "1/2-1/2"]
[WhiteElo "1960"]
[BlackElo "2111"]

1.d4 Nf6 2.c4 g6 3.Nc3 d5 4.cxd5 Nxd5 5.e4 Nxc3 6.bxc3 Bg7 7.Nf3 c5 8.Rb1 O-O
9.Be2 b6 10.O-O Bb7 11.e5 cxd4 12.cxd4 Bd5 13.a4 Nc6 14.Be3 Rc8 15.Qd2 Na5
16.Bg5 Qd7 17.Bb5 Qb7 18.Qe2 Rc3 19.Rbc1 Rxc1 20.Rxc1 Nb3 21.Rd1 Rd8 22.Be3 Qc8
23.Nd2 Nxd2 24.Bxd2 Qe6 25.Be3 h5 26.Rc1 Rc8 27.Rxc8+ Qxc8 28.Qd2 a6 29.Be2 Qc6
30.Bxa6 Bxg2 31.Bb5 Qe4 32.Be2 Bf3 33.Bxf3 Qxf3 34.Qb4 h4 35.h3 Qxh3 36.Qxe7 Qg4+
37.Kh2 h3 38.Qg5 Qd7 39.Qh4 Bf8 40.Qxh3 Qxa4 41.Qc8 Qa2 42.Qb8 Qb2 43.d5 Qb4  1/2-1/2

[Event "TCh-CRO Women"]
[Site "Sibenik CRO"]
[Date "2010.09.11"]
[Round "8"]
[White "Sargac,R"]
[Black "Kochetkova,J"]
[Result "0-1"]
[WhiteElo "2192"]
[BlackElo "2327"]

1.d4 Nf6 2.e3 g6 3.c4 Bg7 4.Nc3 d5 5.cxd5 Nxd5 6.e4 Nxc3 7.bxc3 c5 8.Nf3 cxd4
9.cxd4 Nc6 10.Be3 Bg4 11.d5 Ne5 12.Bb5+ Nd7 13.O-O O-O 14.Rb1 Nf6 15.h3 Bd7
16.Bd3 e6 17.Rxb7 Bc8 18.Rxa7 Rxa7 19.Bxa7 exd5 20.exd5 Qxd5 21.Qb3 Qb7 22.Bc5 Be6
23.Bc4 Rb8 24.Qc2 Bxc4 25.Qxc4 Rc8 26.Ne5 Qd5 27.Qxd5 Nxd5 28.Bd6 Nc3 29.f4 Nxa2
30.Rf2 Nc1 31.Rb2 Bxe5 32.fxe5 Nd3 33.Rd2 Nf4 34.Be7 Re8 35.Rd7 h6 36.h4 Nd5
37.Bd6 Nb6 38.Rc7 Nd5 39.Rc5 Ne3 40.Kf2 Nf5 41.h5 gxh5 42.Kf3 Kg7 43.Kf4 Kg6
44.Rc6 Nd4 45.Rb6 Ne6+ 46.Ke4 Rc8 47.Rb2 Rc4+ 48.Kd5 Rg4 49.Rf2 Nf4+ 50.Kc6 Nxg2
51.Kd7 Nf4 52.Rxf4 Rxf4 53.e6 Re4 54.e7 f5 55.e8=Q+ Rxe8 56.Kxe8 Kg5 57.Kf7 f4
58.Ke6 f3 59.Bc5 h4 60.Ke5 h3 61.Bg1 h2  0-1

[Event "e2e4 Open"]
[Site "Sunningdale ENG"]
[Date "2010.09.11"]
[Round "4"]
[White "White,Mi"]
[Black "Hoare,Amy"]
[Result "1-0"]
[WhiteElo "2259"]
[BlackElo "1920"]

1.d4 Nf6 2.c4 g6 3.Nc3 d5 4.cxd5 Nxd5 5.e4 Nxc3 6.bxc3 Bg7 7.Nf3 c5 8.Rb1 cxd4
9.cxd4 Qa5+ 10.Bd2 Qxa2 11.Bb5+ Bd7 12.Bxd7+ Nxd7 13.Rxb7 Qa6 14.Rc7 Qd6
15.Qc2 O-O 16.O-O Nb6 17.Rc1 e6 18.e5 Qd8 19.Qe4 Nd5 20.Rb7 Re8 21.h4 Re7
22.Bg5 f6 23.exf6 Bxf6 24.Rxe7 Qxe7 25.Re1 Re8 26.Bxf6 Nxf6 27.Qc6 h6 28.Ne5 Kh7
29.Rb1 Qg7 30.Rb3 Re7 31.Rg3 g5 32.hxg5 hxg5 33.Qd6 g4 34.Nxg4 Nxg4 35.Qf4 Rf7
36.Qxg4 Qxg4 37.Rxg4 a5 38.Rg3 a4 39.Ra3 Ra7 40.Kf1 Kg6 41.Ke2 Kf5 42.Kd3 Ra8
43.Kc4 Ke4 44.f3+ Kf4 45.g4 Kg5 46.Kb5 Rf8 47.Kxa4 Rf4 48.Rd3 e5 49.Kb5 exd4
50.Kc4 Kf6 51.Kd5 Kg5 52.Ke5 Rf8 53.Kxd4 Rd8+ 54.Ke3 Re8+ 55.Kf2 Rf8 56.Kg3 Rf6
57.f4+ Kg6 58.g5 Rc6 59.Kg4 Rc1 60.Rd6+ Kf7 61.Rd7+ Ke6 62.Ra7 Rg1+ 63.Kh5 Kf5
64.Rf7+ Ke6 65.Kg6 Rb1 66.Kg7 Rb5 67.g6 Rh5 68.Kg8 Rh4 69.g7 Rh3 70.f5+ Ke5
71.Re7+ Kf6 72.Kf8 Rg3 73.g8=Q Rxg8+ 74.Kxg8 Kxe7 75.Kg7  1-0

[Event "5th XtraCon Open"]
[Site "Borup DEN"]
[Date "2010.09.12"]
[Round "9"]
[White "Molvig,H"]
[Black "Andersen,Dani"]
[Result "1/2-1/2"]
[WhiteElo "2174"]
[BlackElo "1940"]

1.d4 Nf6 2.c4 g6 3.Nc3 d5 4.cxd5 Nxd5 5.e4 Nxc3 6.bxc3 Bg7 7.Bc4 c5 8.Ne2 Nc6
9.Be3 O-O 10.O-O Bg4 11.f3 Bd7 12.Rb1 Rc8 13.Bd3 Qc7 14.Qd2 Rfd8 15.Rfc1 Be8
16.Bf4 e5 17.Bg3 Na5 18.d5 c4 19.Bc2 b5 20.Rf1 Qe7 21.f4 Nb7 22.fxe5 Bxe5
23.Bxe5 Qxe5 24.Nd4 a6 25.Nf3 Qd6 26.Qh6 Qf8 27.Qh4 Qg7 28.Nd4 Nc5 29.Rf3 Bd7
30.Rbf1 Rf8 31.Qe7 f5 32.Qxg7+ Kxg7 33.exf5 gxf5 34.Bxf5 Bxf5 35.Nxf5+ Kh8
36.g4 Rcd8 37.d6 Nb7 38.h3  1/2-1/2

[Event "WCh w Blitz Semi-Final"]
[Site "Moscow RUS"]
[Date "2010.09.15"]
[Round "7"]
[White "Zhukova,N"]
[Black "Nebolsina,V"]
[Result "1/2-1/2"]
[WhiteElo "2499"]
[BlackElo "2360"]

1.d4 Nf6 2.c4 g6 3.Nc3 d5 4.cxd5 Nxd5 5.e4 Nxc3 6.bxc3 Bg7 7.Bc4 O-O 8.Ne2 c5
9.O-O Nc6 10.Be3 b6 11.dxc5 Qc7 12.Qd2 Rd8 13.Qb2 bxc5 14.Qa3 Ne5 15.Bd5 Rb8
16.Qxc5 Qxc5 17.Bxc5 Ba6 18.c4 e6 19.Bxa7 Rbc8 20.f4 Nd3 21.Rad1 Nb2 22.Bb6 Nxd1
23.Rxd1 exd5 24.Bxd8 Rxd8 25.exd5 Bxc4 26.Ng3 Bxa2 27.d6 Bb3 28.Rd3 Bc4 29.Rd1 f5
30.h4 Bf8 31.d7 Bc5+ 32.Kh2 Be6 33.h5 Rxd7 34.Rc1 Be3 35.Re1 Rd3 36.Nf1 Bxf4+
37.g3 Bd6 38.Rxe6 Kf7 39.Re2 gxh5 40.Kg2 Kf6 41.Ra2 Rd4 42.Ra7 h6 43.Ra6 Kg5
44.Nh2 Rd2+ 45.Kh3 Rd3 46.Nf1 h4 47.Ra8 hxg3 48.Rg8+ Kh5 49.Kg2 f4 50.Rg7 Be5
51.Rg8 Ra3 52.Nd2 Ra2 53.Kh3 Rxd2 54.Rg5+ hxg5  1/2-1/2

[Event "WCh w Blitz Final"]
[Site "Moscow RUS"]
[Date "2010.09.18"]
[Round "26"]
[White "Zhukova,N"]
[Black "Nebolsina,V"]
[Result "1-0"]
[WhiteElo "2499"]
[BlackElo "2360"]

1.d4 Nf6 2.c4 g6 3.Nc3 d5 4.cxd5 Nxd5 5.e4 Nxc3 6.bxc3 Bg7 7.Bc4 c5 8.Ne2 O-O
9.O-O Nc6 10.Be3 b6 11.Rc1 Bb7 12.Qd2 Rc8 13.Rfd1 cxd4 14.cxd4 Qd6 15.Bf4 Qb4
16.Qe3 e5 17.dxe5 Nxe5 18.Bd5 Ba6 19.Rb1 Qe7 20.Nd4 Nc4 21.Qg3 Ne5 22.Bg5 Bf6
23.Nf5 Qd8 24.Bxf7+ Kxf7 25.Rxd8 Rfxd8 26.Nh6+ Kg7 27.Bxf6+ Kxf6 28.Qh4+ Kg7
29.Qe7+ Kxh6 30.Qxe5 Bd3 31.Re1 b5 32.h4 b4 33.g4 Rf8 34.g5+ Kh5 35.Qg7 Kg4
36.Qd7+ Kf4 37.Qxd3 Rc3 38.Qd6+ Kg4 39.Qxf8  1-0

[Event "TCh-FIN 2010-11"]
[Site "Porvoo FIN"]
[Date "2010.09.18"]
[Round "1.1"]
[White "Nyback,T"]
[Black "Kulaots,K"]
[Result "1-0"]
[WhiteElo "2635"]
[BlackElo "2592"]

1.d4 Nf6 2.c4 g6 3.Nc3 d5 4.cxd5 Nxd5 5.e4 Nxc3 6.bxc3 Bg7 7.Bg5 c5 8.Rc1 O-O
9.Nf3 Bg4 10.d5 Qd6 11.Be2 Nd7 12.O-O Bxf3 13.Bxf3 b5 14.Be2 c4 15.f4 Nc5
16.Qc2 e6 17.Rcd1 exd5 18.Rxd5 Qb6 19.Kh1 Rae8 20.e5 f6 21.Bh4 Qc6 22.Bf3 fxe5
23.Rxe5 Qb6 24.Rxe8 Rxe8 25.f5 Qd6 26.Qb1 Rf8 27.Qxb5 Qd3 28.Rd1 Qxf5 29.Qxc4+ Kh8
30.Be7  1-0

[Event "EYCC Girls U16"]
[Site "Batumi GEO"]
[Date "2010.09.22"]
[Round "3"]
[White "Eid,M"]
[Black "Danelia,M"]
[Result "1/2-1/2"]
[WhiteElo "2065"]
[BlackElo "2213"]

1.d4 Nf6 2.c4 g6 3.Nc3 d5 4.cxd5 Nxd5 5.e4 Nxc3 6.bxc3 Bg7 7.Bb5+ c6 8.Ba4 O-O
9.Ne2 b5 10.Bb3 Bb7 11.O-O c5 12.f3 cxd4 13.cxd4 Nc6 14.Be3 Na5 15.Rc1 e6
16.Qd2 Nxb3 17.axb3 a5 18.Rfd1 Re8 19.Bf4 b4 20.Bc7 Qd7 21.Bf4 Ba6 22.e5 Rac8
23.Ng3 Qd5 24.Ne4 Rxc1 25.Rxc1 Rc8 26.Rxc8+ Bxc8 27.Nf6+ Bxf6 28.exf6 Qd8
29.Be5 Bb7 30.Qf4 h5 31.Bc7 Qd5 32.Bb6 Kh7 33.Qb8 Qxb3 34.Qxb7 Qd1+ 35.Kf2 Qd2+
36.Kf1 Qd1+ 37.Kf2 Qd2+ 38.Kf1 Qd1+ 39.Kf2 Qd2+ 40.Kf1  1/2-1/2

[Event "39th Olympiad Men"]
[Site "Khanty-Mansiysk RUS"]
[Date "2010.09.23"]
[Round "3"]
[White "Svetushkin,D"]
[Black "Zhou Jianchao"]
[Result "0-1"]
[WhiteElo "2552"]
[BlackElo "2660"]

1.d4 Nf6 2.c4 g6 3.Nc3 d5 4.cxd5 Nxd5 5.e4 Nxc3 6.bxc3 Bg7 7.Bc4 c5 8.Ne2 Nc6
9.Be3 O-O 10.O-O e6 11.Qd2 b6 12.Rac1 Bb7 13.Rfd1 cxd4 14.cxd4 Na5 15.Bd3 Rc8
16.h4 h5 17.Bg5 Qd7 18.e5 Rxc1 19.Rxc1 Nc6 20.Bb5 Rc8 21.Bf6 Bf8 22.Qg5 a6
23.Rxc6 axb5 24.Rd6 Qc7 25.Kh2 Qc2 26.Nf4 Qxf2 27.Rd7 Be4 28.d5 Rc1 29.Ne2 Rc8
30.dxe6 fxe6 31.Rd2 Bh6  0-1

[Event "39th Olympiad Men"]
[Site "Khanty-Mansiysk RUS"]
[Date "2010.09.27"]
[Round "6"]
[White "Fernandez,Fr"]
[Black "Pereira,Rub"]
[Result "0-1"]
[WhiteElo "2313"]
[BlackElo "2423"]

1.d4 Nf6 2.c4 g6 3.Nc3 d5 4.cxd5 Nxd5 5.e4 Nxc3 6.bxc3 Bg7 7.Bc4 c5 8.Ne2 O-O
9.O-O Nc6 10.Be3 Qc7 11.Rc1 Rd8 12.f3 Na5 13.Bd3 a6 14.Qd2 b5 15.Rfd1 Bb7
16.Bh6 Rac8 17.Bxg7 Kxg7 18.Qe3 cxd4 19.cxd4 Qb6 20.Qf2 e6 21.h4 Rxc1 22.Rxc1 Nc6
23.Rc5 Kg8 24.d5 exd5 25.Bc2 dxe4 26.Bb3 Nd4 27.fxe4 Nxb3 28.axb3 Bxe4 29.Ng3 Bb7
30.h5 Rd1+ 31.Kh2 Qd8 32.Qf4 Rd4 33.Qe3 Rd2 34.Re5 Bc6 35.h6 Rxg2+ 36.Kh3 Qd7+
37.Kh4 Rh2+ 38.Kg5 Qd8+ 39.Re7 Kf8  0-1

[Event "OIS"]
[Site "Munich GER"]
[Date "2010.09.27"]
[Round "3"]
[White "Jorczik,J"]
[Black "Uebele,P"]
[Result "1/2-1/2"]
[WhiteElo "2398"]
[BlackElo "2127"]

1.d4 Nf6 2.c4 g6 3.Nc3 d5 4.cxd5 Nxd5 5.e4 Nxc3 6.bxc3 Bg7 7.Qa4+ Nd7 8.Qa3 c5
9.Be3 O-O 10.Rd1 Qc7 11.Bb5 Kh8 12.Ne2 f5 13.Nf4 Qb6 14.Bc4 e5 15.dxc5 Qf6
16.Ne6 f4 17.Bc1 Nb6 18.Nxf8 Nxc4 19.Qa4 b5 20.cxb6 Nxb6 21.Qe8 Qxf8 22.Rd8 Bb7
23.Rxa8 Bxa8 24.Qxf8+ Bxf8 25.f3 Bc5  1/2-1/2

[Event "Highlands Open"]
[Site "Zdar nad Sazavou CZE"]
[Date "2010.09.27"]
[Round "3"]
[White "Kozak,Mi"]
[Black "Klanica,Pavel"]
[Result "1-0"]
[WhiteElo "2213"]
[BlackElo "1910"]

1.d4 Nf6 2.c4 g6 3.Nc3 d5 4.cxd5 Nxd5 5.e4 Nxc3 6.bxc3 Bg7 7.Nf3 O-O 8.Be2 c5
9.Rb1 Qa5 10.O-O Qxa2 11.Bg5 Qe6 12.Qd3 b6 13.d5 Qd7 14.c4 Na6 15.e5 Qc7
16.Qe3 f6 17.Bh6 fxe5 18.Bxg7 Kxg7 19.Nxe5 Nb4 20.Qc3 Kg8 21.Bg4 Bf5 22.Bxf5 Rxf5
23.Ng4 Qf4 24.h3 h5 25.Nh2 Qe5 26.Qb3 Raf8 27.Rbe1 Qf6 28.Re6 Qg5 29.Qc3 R8f7
30.h4 Qxh4 31.Rxg6+ Kh7 32.Rg3 Qd4 33.Qe1 Nd3 34.Qe6 Qf6 35.Qxf6  1-0

[Event "39th Olympiad Men"]
[Site "Khanty-Mansiysk RUS"]
[Date "2010.09.28"]
[Round "7"]
[White "Podolchenko,E"]
[Black "Howell,D"]
[Result "1-0"]
[WhiteElo "2506"]
[BlackElo "2616"]

1.d4 Nf6 2.c4 g6 3.Nc3 d5 4.cxd5 Nxd5 5.e4 Nxc3 6.bxc3 Bg7 7.Bc4 c5 8.Ne2 Nc6
9.Be3 O-O 10.O-O Na5 11.Bd3 b6 12.Qd2 e5 13.Bh6 cxd4 14.Bxg7 Kxg7 15.cxd4 exd4
16.Rac1 Bb7 17.f4 Rc8 18.f5 Nc6 19.f6+ Kh8 20.Qg5 Re8 21.Qh6 Rg8 22.Rf3 Qf8
23.Qh4 h6 24.Rh3 Kh7 25.Rxc6 Rxc6 26.e5 Bc8 27.g4 Rc5 28.Qg5 Rh8 29.Nf4 Rg8
30.Rh5 Ba6 31.Be4 Rc1+ 32.Kf2 d3 33.Ne6 fxe6 34.Qxc1 d2 35.Qxd2 Qc5+ 36.Kg2  1-0

[Event "39th Olympiad Men"]
[Site "Khanty-Mansiysk RUS"]
[Date "2010.09.29"]
[Round "8"]
[White "Amir,K"]
[Black "Huguet,S"]
[Result "1/2-1/2"]
[WhiteElo "2234"]
[BlackElo "2142"]

1.d4 Nf6 2.c4 g6 3.Nc3 d5 4.cxd5 Nxd5 5.e4 Nxc3 6.bxc3 Bg7 7.Nf3 c5 8.Be2 cxd4
9.cxd4 Nc6 10.Be3 Qa5+ 11.Bd2 Qd8 12.d5 Ne5 13.Nxe5 Bxe5 14.Rc1 O-O 15.O-O Bd7
16.Bh6 Bg7 17.Bxg7 Kxg7 18.Qd4+ Kg8 19.Rfd1 Qa5 20.Qe5 Qxa2 21.Bf3 Qa3 22.Rc7 f6
23.Qg3 Bc8 24.e5 fxe5 25.d6 e4 26.dxe7 Re8 27.Bxe4 Qxg3 28.hxg3 Kf7 29.Rd8 a5
30.Bd5+ Be6 31.Bxb7 Rb8 32.Bc6 Rb1+ 33.Kh2 Rxe7 34.Rxe7+ Kxe7 35.Ra8 Kd6
36.Be8 Rb2 37.f3 Bd5 38.Ra6+ Ke7 39.Bc6 Bxc6 40.Rxc6 Kf7 41.Rc7+ Kg8 42.Ra7 Ra2
43.f4 a4 44.g4 h6 45.Kh3 a3 46.Kh4 Ra1 47.f5 a2 48.Kg3 gxf5 49.gxf5 h5 50.Kh2 h4
51.Ra3 Kf7 52.Ra6 Kg7 53.Rg6+ Kf8 54.Ra6 Kf7 55.f6 Kg6 56.f7+ Kxf7 57.Ra7+ Ke6
58.Ra6+ Kd5 59.Ra5+ Kc4 60.Ra8 Kb3 61.Rb8+ Kc4  1/2-1/2

[Event "39th Olympiad Women"]
[Site "Khanty-Mansiysk RUS"]
[Date "2010.09.29"]
[Round "8"]
[White "Reid,V"]
[Black "Kalvyte,V"]
[Result "0-1"]
[WhiteElo "1839"]
[BlackElo "2097"]

1.d4 Nf6 2.c4 g6 3.Nc3 d5 4.cxd5 Nxd5 5.e4 Nxc3 6.bxc3 Bg7 7.Nf3 c5 8.Bb5+ Bd7
9.Bxd7+ Qxd7 10.O-O cxd4 11.cxd4 Nc6 12.Be3 O-O 13.Qd2 Rfd8 14.Rad1 Qg4 15.Qc2 Rac8
16.Qb1 Na5 17.h3 Qe6 18.d5 Qa6 19.Bd4 Bxd4 20.Rxd4 Nc4 21.e5 Rc5 22.Rfd1 b5
23.Qc1 Kg7 24.Rh4 h5 25.Rhd4 Qc8 26.Qf4 f6 27.e6 Qc7 28.Qe4 Nd6 29.Qb1 Nf5
30.R4d2 Qb7 31.g4 hxg4 32.hxg4 Nd6 33.Nh4 Rh8 34.Qxg6+ Kf8 35.Nf5 Rg8 36.Qh5 Rc4
37.Rd4 Rxd4 38.Rxd4 Qc7 39.Qh6+ Ke8 40.Qh7 Rf8 41.Ng7+ Kd8 42.Qh6 Rg8 43.Qh7 Qc1+
44.Kg2 Rf8 45.Nf5 Nxf5 46.Qxf5 Rh8 47.Kf3 Qc3+ 48.Rd3 Rh3+ 49.Ke2 Qc2+ 50.Rd2 Qc4+
51.Rd3 Qxa2+ 52.Rd2 Qc4+ 53.Rd3 Qc2+ 54.Rd2 Qc4+ 55.Rd3 Rxd3 56.Qxd3 Qxg4+
57.Ke1 Qb4+ 58.Kd1 Qa4+ 59.Kd2 Qc4 60.Qf5 Qd4+ 61.Ke1 Qe5+  0-1

[Event "Highlands Open"]
[Site "Zdar nad Sazavou CZE"]
[Date "2010.09.30"]
[Round "7"]
[White "Bazala,V"]
[Black "Pavlis,J"]
[Result "1/2-1/2"]
[WhiteElo "1871"]
[BlackElo "2072"]

1.c4 Nf6 2.Nc3 d5 3.cxd5 Nxd5 4.e4 Nxc3 5.bxc3 g6 6.d4 Bg7 7.Bc4 O-O 8.Ne2 c6
9.O-O b6 10.Be3 Ba6 11.Bxa6 Nxa6 12.Qd2 c5 13.Bh6 e6 14.Bxg7 Kxg7 15.Rad1 Rc8
16.f4 f6 17.f5 exf5 18.exf5 g5 19.Qd3 Nb8 20.Qg3 Qc7 21.Nf4 Kh8 22.Ne6 Qxg3
23.hxg3 Rf7 24.d5  1/2-1/2

[Event "39th Olympiad Men"]
[Site "Khanty-Mansiysk RUS"]
[Date "2010.10.03"]
[Round "11"]
[White "Moradiabadi,E"]
[Black "Nguyen Ngoc Truong Son"]
[Result "1/2-1/2"]
[WhiteElo "2578"]
[BlackElo "2633"]

1.d4 Nf6 2.c4 g6 3.Nc3 d5 4.cxd5 Nxd5 5.e4 Nxc3 6.bxc3 Bg7 7.Be3 O-O 8.Nf3 c5
9.Qd2 Qa5 10.Rc1 Bg4 11.d5 Nd7 12.c4 Qa3 13.Ng5 h6 14.h3 Bh5 15.Nf3 g5 16.Be2 Bg6
17.Bd3 f5 18.exf5 Bxf5 19.Bxf5 Rxf5 20.Nh2 Qb4 21.O-O Qxd2 22.Bxd2 a6 23.a4 b5
24.g4 Rff8 25.axb5 axb5 26.cxb5 Ra2 27.Be3 Rb2 28.Rfd1 Be5 29.Nf1 Rxb5 30.Nd2 Bd6
31.Ne4 Rc8 32.Ra1 Rb4 33.Nxd6 exd6 34.Ra6 Rb6 35.Ra7 Nf6 36.f4 Rcb8 37.fxg5 Rb1
38.Rxb1 Rxb1+ 39.Kf2 hxg5 40.Kg2 Rb2+ 41.Kg1 Rb1+ 42.Kg2 Rb2+  1/2-1/2